000 00939nas a2200265 4500
001 BR8602586
003 BR-BrBNA
005 20231205090502.0
007 ta
008 230509b bl.|||p| |||| 00| 00por d
040 _aBR-BrBNA
_bpor
_cBiblioteca Nacional de Agricultura
041 _a(Pt)
072 _aH10
100 1 _aBorges, J.D.
100 1 _aMacedo, J.H.P.
245 1 _aOcorrencia de Dirphia araucariae em Araucaria angustifolia no municipio de Congonhas, Parana [pinheiro-do-Parana, Lepidoptero]
246 1 _aOccurrence of Dirphia araucariae in Araucaria angustifolia in the municipality of Congonhas, Parana, Brazil
650 _aPINHEIRO-DO-PARANA
650 _aLEPIDOPTERO
650 _aCICLO DE VIDA
650 _aPARANÁ
773 0 _tPesquisa Agropecuaria Brasileira (Brazil)
_xISSN 0100-204X
_g(Feb 1986), v. 21(2) p. 101-104
_wBR8602586
909 _a202311
_bLúcia
_c55
_dLúcia Elande
942 _2AGRIS
_n0
_cANA
999 _c118774
_d118774